| 000 | 00666nam a22002057a 4500 | ||
|---|---|---|---|
| 003 | SEM | ||
| 005 | 20260622153432.0 | ||
| 008 | 260622s1981 ai ||||gr||||||01|||arm|d | ||
| 040 |
_aSEM _cSEM |
||
| 041 | _aarm | ||
| 080 | _a891.981-3/Պ-50 | ||
| 100 | _aՊետրոսյան, Վարդգես | ||
| 245 |
_aՄենավոր ընկուզենին / _cՎ. Պետրոսյան; Խմբ.՝ Մ. Թերզյան |
||
| 260 |
_aԵրևան : _bՍովետական գրող, _c1981. |
||
| 300 |
_a187 էջ ; _bնկ. ; _c21 սմ |
||
| 650 |
_aՀայ գրականություն _xարձակ |
||
| 653 | _aՍԷՄ | ||
| 700 |
_aԹերզյան, Մ. _eխմբ. _4edt. |
||
| 942 |
_2udc _cBK _n0 |
||
| 999 |
_c77317 _d77317 |
||